| 000 | 01448nam0a22003491 4500 | ||
|---|---|---|---|
| 001 | rc\2933137 | ||
| 005 | 20250806211523.0 | ||
| 035 | _a(NLR Aleph) 007082421 | ||
| 090 |
_a17382 _c17382 |
||
| 100 | _a20110820d1943 u y0rusy50 ca | ||
| 101 | 0 | _arus | |
| 102 | _aRU | ||
| 105 | _aac z ||||| | ||
| 135 | _acrbn 008apadp | ||
| 200 | 1 |
_aЗащитники ленинградского неба _eСборник статей и очерков _fПод общ. ред. гвардии полк. Г.Ю. Певзнера |
|
| 210 |
_a[Ленинград] _cЛениздат _d1943 |
||
| 215 |
_a77, [3] с., 2 л. вклеек _cил., портр. _d20 см |
||
| 325 | _aКопия доступна в Электрон. б-ке РНБ | ||
| 702 | 1 |
_aПевзнер _bГ.Ю. _4340 |
|
| 801 | 0 |
_aRU _bNLR _gpsbo |
|
| 801 | 1 |
_aRU _bELAR _2rusmarc |
|
| 852 |
_aNLR _jИр50 Г-4/224 |
||
| 856 | 0 | _uhttp://vivaldi.nlr.ru/ab000002372/view | |
| 856 | 1 | _uhttp://vivaldi.nlr.ru/ab000002372/cover | |
| 856 | 2 | _uhttp://vivaldi.nlr.ru/ab000002372/text | |
| 901 | _eКнижные издания | ||
| 942 | _cBOOK | ||
| 945 | _aРоссийская национальная библиотека | ||
| 980 | _aNB | ||
| 980 | _aBV | ||
| 981 | 3 | 7 |
_a(37) Ленинград в Великой Отечественной войне _b(37) Книги блокадного Ленинграда |
| 981 | 3 | 4 | _a(34) Санкт-Петербург |